The lather effect / Tycoon Entertainment presents ... Read More
Available copies
- 1 of 1 copy available at LARL/NWRL Consortium. (Show)
- 1 of 1 copy available at Northwest Regional Library.
Current holds
0 current holds with 1 total copy.
Show Only Available Copies
| Location | Call Number / Copy Notes | Barcode | Shelving Location | Status | Due Date |
|---|---|---|---|---|---|
| Thief River Falls Public Library | DVD LAT (Text) | 35500006384398 | Main | Available | - |
Record details
- Physical Description: 1 videodisc (95 min.) : sound, color ; 4 3/4 in.
- Publisher: [Troy, MI] : Anchor Bay Entertainment ; [2008]
Content descriptions
| General Note: | Title from container. Originally released as a motion picture in 2005. Special features: Audio commentary with writer/director Sarah Kelly, editor Darren Ayres and ... Read More |
| Creation/Production Credits Note: | Director of photography, Eric Haase ; editor, ... Read More |
| Participant or Performer Note: | Connie Britton, Sarah Clarke, Tate Donovan, Peter ... Read More |
| Summary, etc.: | A group of high school friends come together in ... Read More |
| Target Audience Note: | Not rated. |
| System Details Note: | DVD, region 1, anamorphic widescreen (1.78:1) ... Read More |
| Language Note: | Closed-captioned. |
Search for related items by subject
| Genre: | Comedy films Drama Feature films Video recordings for the hearing impaired Feature films. Comedy films. Feature films. Comedy films. Video recordings for the hearing impaired. |
| LDR | 05091cgm a2200961 a 4500 | ||
|---|---|---|---|
| 001 | 444410 | ||
| 003 | LARL_NWRL_CONSORTIUM | ||
| 005 | 20240826163012.0 | ||
| 008 | 080514s2008 miu095 g vleng d | ||
| 007 | vd cvaizk | ||
| 040 | . | ‡aTEFMT ‡beng ‡cTEFMT ‡dTEF ‡dNAB ‡dOCLCA ‡dOCLCQ ‡dBDX ‡dOCLCA ‡dOCLCF ‡dOCLCO ‡dOCL ‡dOCLCO ‡dOCL ‡dOCLCQ ‡dOCLCO ‡dOCLCA ‡dOCLCQ ‡dZQP ‡dOCLCO ‡dWIQ ‡dOCLCO ‡dCD5 ‡dOCLCQ ‡dOCLCO ‡dOCLCL | |
| 019 | . | ‡a1132255141 | |
| 024 | 1 | . | ‡a013131564495 |
| 028 | 4 | 2. | ‡aDV15644 ‡bAnchor Bay Entertainment |
| 035 | . | ‡a(OCoLC)228074289 ‡z(OCoLC)1132255141 | |
| 037 | . | ‡bMidwest Tape ‡nhttp://www.midwesttapes.com | |
| 043 | . | ‡an-us--- | |
| 082 | 0 | 4. | ‡a791.43/72 ‡222 |
| 245 | 0 | 4. | ‡aThe lather effect / ‡cTycoon Entertainment presents a Tangerine Pictures production of a Sarah Kelly film ; producers, Gary Bryman, Mike Jackson ; produced by Rachel Rothman ; written by Sarah Kelly, Tim Talbott ; directed by Sarah Kelly. |
| 260 | . | ‡a[Troy, MI] : ‡bAnchor Bay Entertainment ; ‡aBurbank, CA : ‡bDistributed by Starz Home Entertainment, ‡c[2008] | |
| 300 | . | ‡a1 videodisc (95 min.) : ‡bsound, color ; ‡c4 3/4 in. | |
| 336 | . | ‡atwo-dimensional moving image ‡btdi ‡2rdacontent | |
| 337 | . | ‡avideo ‡bv ‡2rdamedia | |
| 338 | . | ‡avideodisc ‡bvd ‡2rdacarrier | |
| 538 | . | ‡aDVD, region 1, anamorphic widescreen (1.78:1) presentation; Dolby Digital 5.1 surround, Dolby Digital 2.0 stereo. | |
| 546 | . | ‡aClosed-captioned. | |
| 500 | . | ‡aTitle from container. | |
| 511 | 1 | . | ‡aConnie Britton, Sarah Clarke, Tate Donovan, Peter Facinelli, David Herman, Caitlin Keats, Wiliam Mapother, Ione Skye, Eric Stoltz. |
| 508 | . | ‡aDirector of photography, Eric Haase ; editor, Darren Ayres ; music, Dominic Kelly ; costume designer, Karla Stevens ; production designer, David Evans. | |
| 500 | . | ‡aOriginally released as a motion picture in 2005. | |
| 521 | 8 | . | ‡aNot rated. |
| 520 | . | ‡aA group of high school friends come together in their mid-30's for a wild reunion weekend. But the morning after may expose that some flames still burn, certain secrets must be revealed, and the greatest song of all time is always up for debate. | |
| 500 | . | ‡aSpecial features: Audio commentary with writer/director Sarah Kelly, editor Darren Ayres and associate producer/actor Eric Stoltz; "The making of The lather effect" featurette; deleted scenes; The cameron effect; The importance of being an Earnest PA. | |
| 650 | 0. | ‡aHigh school graduates ‡zUnited States ‡vDrama. | |
| 650 | 0. | ‡aClass reunions ‡zUnited States ‡vDrama. | |
| 650 | 0. | ‡aMan-woman relationships ‡zUnited States ‡vDrama. | |
| 650 | 0. | ‡aPopular music ‡y1981-1990 ‡vDrama. | |
| 650 | 7. | ‡aClass reunions ‡2fast ‡0(LARL_NWRL_CONSORTIUM)16940 | |
| 650 | 7. | ‡aHigh school graduates ‡2fast | |
| 650 | 7. | ‡aMan-woman relationships ‡2fast ‡0(LARL_NWRL_CONSORTIUM)38460 | |
| 650 | 7. | ‡aPopular music ‡2fast ‡0(LARL_NWRL_CONSORTIUM)26349 | |
| 651 | 7. | ‡aUnited States ‡2fast ‡0(LARL_NWRL_CONSORTIUM)54625 | |
| 650 | 7. | ‡aHigh school graduates ‡zUnited States ‡vDrama. ‡2sears | |
| 650 | 7. | ‡aClass reunions ‡zUnited States ‡vDrama. ‡2sears | |
| 650 | 7. | ‡aMan-woman relationship ‡zUnited States ‡vDrama. ‡2sears | |
| 650 | 7. | ‡aPopular music ‡y1981-1990 ‡vDrama. ‡2sears | |
| 648 | 7. | ‡a1981-1990 ‡2fast | |
| 655 | 7. | ‡aComedy films ‡2fast ‡0(LARL_NWRL_CONSORTIUM)175650 | |
| 655 | 7. | ‡aDrama ‡2fast | |
| 655 | 7. | ‡aFeature films ‡2fast ‡0(LARL_NWRL_CONSORTIUM)175625 | |
| 655 | 7. | ‡aVideo recordings for the hearing impaired ‡2fast ‡0(LARL_NWRL_CONSORTIUM)175744 | |
| 655 | 7. | ‡aFeature films. ‡2gsafd ‡0(LARL_NWRL_CONSORTIUM)175625 | |
| 655 | 7. | ‡aComedy films. ‡2gsafd ‡0(LARL_NWRL_CONSORTIUM)175650 | |
| 655 | 7. | ‡aFeature films. ‡2lcgft ‡0(LARL_NWRL_CONSORTIUM)175625 | |
| 655 | 7. | ‡aComedy films. ‡2lcgft ‡0(LARL_NWRL_CONSORTIUM)175650 | |
| 655 | 7. | ‡aVideo recordings for the hearing impaired. ‡2lcgft ‡0(LARL_NWRL_CONSORTIUM)175744 | |
| 700 | 1 | . | ‡aBryman, Gary. |
| 700 | 1 | . | ‡aJackson, Mike, ‡d1972 Mar. 12- |
| 700 | 1 | . | ‡aRothman, Rachel. |
| 700 | 1 | . | ‡aKelly, Sarah. ‡0(LARL_NWRL_CONSORTIUM)201688 |
| 700 | 1 | . | ‡aTalbott, Tim. |
| 700 | 1 | . | ‡aBritton, Connie. ‡0(LARL_NWRL_CONSORTIUM)148325 |
| 700 | 1 | . | ‡aClarke, Sarah, ‡d1972- ‡0(LARL_NWRL_CONSORTIUM)207250 |
| 700 | 1 | . | ‡aDonovan, Tate. ‡0(LARL_NWRL_CONSORTIUM)145070 |
| 700 | 1 | . | ‡aFacinelli, Peter, ‡d1973- ‡0(LARL_NWRL_CONSORTIUM)151917 |
| 700 | 1 | . | ‡aHerman, David, ‡d1967 February 20- |
| 700 | 1 | . | ‡aKeats, Caitlin, ‡d1972- |
| 700 | 1 | . | ‡aMapother, William, ‡d1965- ‡0(LARL_NWRL_CONSORTIUM)207474 |
| 700 | 1 | . | ‡aSkye, Ione. ‡0(LARL_NWRL_CONSORTIUM)204447 |
| 700 | 1 | . | ‡aStoltz, Eric, ‡d1961- ‡0(LARL_NWRL_CONSORTIUM)140216 |
| 700 | 1 | . | ‡aKelly, Dominic. |
| 710 | 2 | . | ‡aTycoon Entertainment (Firm) |
| 710 | 2 | . | ‡aTangerine Pictures (Firm) |
| 710 | 2 | . | ‡aAnchor Bay Entertainment, Inc. ‡0(LARL_NWRL_CONSORTIUM)141396 |
| 710 | 2 | . | ‡aStarz Home Entertainment (Firm) ‡0(LARL_NWRL_CONSORTIUM)217577 |
| 901 | . | ‡a444410 ‡bAUTOGEN ‡c444410 ‡tbiblio | |

Add to basket
Permalink
Enable Highlighting